<?xml version="1.0" encoding="UTF-8"?><?xml-stylesheet type="text/xsl" href="static/style.xsl"?><OAI-PMH xmlns="http://www.openarchives.org/OAI/2.0/" xmlns:xsi="http://www.w3.org/2001/XMLSchema-instance" xsi:schemaLocation="http://www.openarchives.org/OAI/2.0/ http://www.openarchives.org/OAI/2.0/OAI-PMH.xsd"><responseDate>2026-06-01T23:56:00Z</responseDate><request verb="GetRecord" identifier="oai:riuma.uma.es:10630/27481" metadataPrefix="marc">https://riuma.uma.es/rest/oai/request</request><GetRecord><record><header><identifier>oai:riuma.uma.es:10630/27481</identifier><datestamp>2026-02-03T11:34:03Z</datestamp><setSpec>com_10630_2254</setSpec><setSpec>col_10630_37953</setSpec></header><metadata><record xmlns="http://www.loc.gov/MARC21/slim" xmlns:dcterms="http://purl.org/dc/terms/" xmlns:doc="http://www.lyncode.com/xoai" xmlns:xsi="http://www.w3.org/2001/XMLSchema-instance" xsi:schemaLocation="http://www.loc.gov/MARC21/slim http://www.loc.gov/standards/marcxml/schema/MARC21slim.xsd">
   <leader>00925njm 22002777a 4500</leader>
   <datafield ind2=" " ind1=" " tag="042">
      <subfield code="a">dc</subfield>
   </datafield>
   <datafield ind2=" " ind1=" " tag="720">
      <subfield code="a">Ron-Angevin, Ricardo</subfield>
      <subfield code="e">author</subfield>
   </datafield>
   <datafield ind2=" " ind1=" " tag="720">
      <subfield code="a">Fernández-Rodríguez, Álvaro</subfield>
      <subfield code="e">author</subfield>
   </datafield>
   <datafield ind2=" " ind1=" " tag="720">
      <subfield code="a">Velasco-Álvarez, Francisco Javier</subfield>
      <subfield code="e">author</subfield>
   </datafield>
   <datafield ind2=" " ind1=" " tag="720">
      <subfield code="a">Lespinet-Najib, Véronique</subfield>
      <subfield code="e">author</subfield>
   </datafield>
   <datafield ind2=" " ind1=" " tag="720">
      <subfield code="a">André, Jean-Marc</subfield>
      <subfield code="e">author</subfield>
   </datafield>
   <datafield ind2=" " ind1=" " tag="260">
      <subfield code="c">2023-09</subfield>
   </datafield>
   <datafield ind2=" " ind1=" " tag="520">
      <subfield code="a">Individuals afflicted by neurodegenerative conditions such as amyotrophic lateral sclerosis may eventually reach a point where they lose the ability to communicate with the outside world through conventional muscular pathways. In these cases, brain-computer interfaces (BCIs) can be a suitable alternative, as they directly transform brain activity into external commands. A P300-based speller is a BCI for communication purposes. The most popular software platforms used to develop spellers are BCI2000 and Open-ViBE. However, these platforms can be relatively complex to set up without advanced technical knowledge. For this reason, the UMA-BCI Speller platform was recently developed, intended to facilitate the control of the system. Hence, the objective of this research was to assess and compare the user-friendliness of the three platforms put forth. A group of fifteen participants were tasked with configuring a designated speller layout using the three platforms. The findings acquired demonstrated that the UMA-BCI Speller platform exhibited the utmost level of usability, as it required the shortest time to complete the tasks and received the best feedback in the questionnaires. Overall, there was no difference between the BCI2000 and Open-ViBE platforms. In short, the UMA-BCI Speller offered the best usability and showed itself to be an easy application to use that provides many options to configure a speller graphical layout.</subfield>
   </datafield>
   <datafield ind1="8" ind2=" " tag="024">
      <subfield code="a">Ron-Angevin, R., Fernández-Rodríguez, Á., Velasco-Álvarez, F., Lespinet-Najib, V., &amp; André, J. M. (2023). Usability of three software platforms for modifying graphical layout in visual P300-based brain-computer interface. Biomedical Signal Processing and Control, 86, Part C, 105326.</subfield>
   </datafield>
   <datafield ind1="8" ind2=" " tag="024">
      <subfield code="a">https://hdl.handle.net/10630/27481</subfield>
   </datafield>
   <datafield ind1="8" ind2=" " tag="024">
      <subfield code="a">10.1016/j.bspc.2023.105326</subfield>
   </datafield>
   <datafield tag="653" ind2=" " ind1=" ">
      <subfield code="a">Aplicaciones informáticas</subfield>
   </datafield>
   <datafield tag="653" ind2=" " ind1=" ">
      <subfield code="a">Interfaces de usuario</subfield>
   </datafield>
   <datafield tag="653" ind2=" " ind1=" ">
      <subfield code="a">Interacción hombre-ordenador</subfield>
   </datafield>
   <datafield ind2="0" ind1="0" tag="245">
      <subfield code="a">Usability of three software platforms for modifying graphical layout in visual P300-based brain-computer interface</subfield>
   </datafield>
</record>
</metadata></record></GetRecord></OAI-PMH>